Dohoda o pracovnej činnosti na výkon sezónnej práce

Tento článok pojednáva o podmienkach, za ktorých je možné dohodu o pracovnej činnosti na výkon sezónnej práce uzavrieť, a o jej obsahových náležitostiach.

Salvato in:
Dettagli Bibliografici
Autore principale: Mičudová, Tatiana
Natura: Capitolo di libro
Lingua:slovacco
Soggetti:
Tags: Aggiungi Tag
Nessun Tag, puoi essere il primo ad aggiungerne!!

MARC

LEADER 00000naa a2200000 4500
001 0311539
005 20250710085908.2
041 0 |a slo 
044 |a SK 
245 1 0 |a Dohoda o pracovnej činnosti na výkon sezónnej práce  |c Tatiana Mičudová 
520 |a Tento článok pojednáva o podmienkach, za ktorých je možné dohodu o pracovnej činnosti na výkon sezónnej práce uzavrieť, a o jej obsahových náležitostiach. 
610 2 0 |a práca 
610 2 0 |a zamestnanci 
610 2 0 |a dohody 
610 2 0 |a zákonník práce 
610 2 0 |a sezónnosť 
100 1 |a Mičudová, Tatiana